Quantum mechanics : foundations and applications

Saved in:
Bibliographic Details
Main Author: Bohm, Arno 1936-
Other Authors: Loewe, M.
Format: Book
Language:English
Published: New York ; Berlin : Springer-Verlag, c1993
Edition:3rd ed, rev. and enl.
Series:Texts and monographs in physics
Subjects:
Tags: Add Tag
No Tags, Be the first to tag this record!

MARC

LEADER 00000nam a2200000 i 4500
001 1/89508
008 990913s1993 eng d
020 |a 3-540-97944-1 
035 |l 10052809 
040 |a GR-MY-UA  |b gre  |e aacr 
041 0 |a eng 
082 0 |a 530.12 
100 1 |a Bohm, Arno  |d 1936- 
245 1 0 |a Quantum mechanics :  |b foundations and applications /  |c Arno Bohm 
250 |a 3rd ed, rev. and enl. 
260 |a New York ; Berlin :   |b Springer-Verlag,   |c c1993 
300 |a xix, 688 p.;  |b ill.;  |c 25 cm. 
490 1 |a Texts and monographs in physics 
500 |a Includes bibliographical references and index 
650 0 0 |a Quantum theory. 
700 1 |a Loewe, M. 
830 0 |a Texts and monographs in physics 
852 |a INST  |b SAMOS  |e 19990913  |h 530.12 BOH  |p 005300015032  |q 005300015032  |t BK  |y 0 
901 |a BIBL3-1999-3 
909 |a Σ  |b 066658 
922 |a 3ΕΛΗ  |b 199906  |c ΚΠΣ  |d GLORY 
970 |a ΓΕΝΟΥΖΟΥ  |b ΧΡΥΣΑΝΘΗ  |z 1999/09/13